Speleofotografia 2020 20. ročník medzinárodnej fotografickej súťaže s jaskyniarskou tematikou

Podrobná bibliografia
Korporatívny autor: Speleofotografia Liptovský Mikuláš, Slovensko (Autor)
Ďalší autori: Ošková, Mária (Zostavovateľ, kompilátor)
Médium: Konferenčný príspevok Kniha
Jazyk:slovenčina
angličtina
Fyzický popis:107 nečíslovaných strán fotografie (prevažne farebné) 22 cm
Vydavateľské údaje: Liptovský Mikuláš Slovenské múzeum ochrany prírody a jaskyniarstva 2020
ISBN:9788089933266
Predmet:

MARC

LEADER 00000cam a2200000 4500
001 vtls012021558
003 SK-MaSNL
005 20260302073252.0
008 210409s2020 xo o g c 000 0 slo
015 |a SNBE2021 
020 |a 9788089933266  |q (brožované) 
040 |a SNK  |b slo  |c SNK  |e rda 
041 0 |a slo  |a eng 
043 |a e-xo--- 
044 |a xo  |c SK 
072 7 |a 77  |x Fotografia. Fotografické postupy  |2 konspekt 
080 |a 77.092  |2 2011 
080 |a 77.04  |2 2011 
080 |a 551.442  |2 2011 
080 |a 551.44  |2 2011 
080 |a 7.04  |2 2011 
080 |a (437.641)  |2 2011 
080 |a (083.824)  |2 2011 
111 2 |a Speleofotografia  |n (20. :  |d 2020 :  |c Liptovský Mikuláš, Slovensko)  |4 aut  |9 737474 
245 1 0 |a Speleofotografia 2020  |b 20. ročník medzinárodnej fotografickej súťaže s jaskyniarskou tematikou  |c zostavil: Mária Ošková 
246 3 0 |a 20. ročník medzinárodnej fotografickej súťaže s jaskyniarskou tematikou 
246 3 1 |a 20th year of the international photo contest with the theme of speleology 
264 1 |a Liptovský Mikuláš  |b Slovenské múzeum ochrany prírody a jaskyniarstva  |c 2020 
300 |a 107 nečíslovaných strán  |b fotografie (prevažne farebné)  |c 22 cm 
336 |a text  |b txt  |2 rdacontent 
336 |a statický obraz  |b sti  |2 rdacontent 
337 |a bez média  |b n  |2 rdamedia 
338 |a zväzok  |b nc  |2 rdacarrier 
366 |e 200 kusov 
546 |a Súbežný podnázov a text v angličtine 
611 2 7 |a Speleofotografia  |n (20. :  |d 2020 :  |c Liptovský Mikuláš, Slovensko)  |2 SNKKA  |9 737474 
650 0 7 |a fotografické súťaže  |2 SNKPH  |9 2908 
650 0 7 |a umelecká fotografia  |2 SNKPH  |9 29370 
650 0 7 |a jaskyne  |2 SNKPH  |9 20772 
650 0 7 |a speleológia  |2 SNKPH  |9 17878 
650 0 7 |a námety, témy a motívy  |2 SNKPH  |9 2883 
650 0 7 |a Photographic competitions  |2 SNKPHeng  |9 302745 
650 0 7 |a Artistic photography  |2 SNKPHeng  |9 311568 
650 0 7 |a Caves  |2 SNKPHeng  |9 270892 
650 0 7 |a Speleology  |2 SNKPHeng  |9 267494 
650 0 7 |a Themes and motives  |2 SNKPHeng  |9 284413 
651 7 |a Liptovský Mikuláš (Slovensko)  |2 SNKPH  |9 36847 
651 7 |a Liptovský Mikuláš (Slovakia)  |2 SNKPHeng  |9 267442 
655 7 |a katalógy výstav  |2 SNKPH  |9 70445 
655 7 |a Exhibition catalogs  |2 SNKPHeng  |9 266232 
700 1 |a Ošková, Mária  |4 com  |9 26675 
852 |a Štátna vedecká knižnica v Banskej Bystrici 
919 |a 978-80-89933-26-6 
999 |c 1160156  |d 1162086 
952 |a SNK  |b SNK  |y PREZ  |7 0  |p 17A1451976  |o snkOSC 29237  |i snk2021/3360  |8 0  |0 0  |1 0  |4 0  |d 2021-04-26  |f 1  |l 0  |r 2026-02-24 20:30:33  |w 2026-02-24 
952 |a SNK  |b SNK  |y VYP  |7 0  |p 17A1451977  |o snkOSC 29237 D1  |i snk2021/3361  |8 0  |0 0  |1 0  |4 0  |d 2021-04-26  |l 0  |r 2026-02-24 20:30:33  |w 2026-02-24